Statistics for Multiversus characters

Click here to take the quiz!

General Stats

  • This quiz has been taken 32 times
  • The average score is 17 of 19

Answer Stats

Answer% Correct
Batman
100%
Finn
100%
Harley Quinn
100%
Shaggy
100%
Superman
100%
Tom and Jerry
100%
Velma
100%
Wonder Woman
100%
Iron Giant
95%
Morty
95%
Rick
95%
Jake the Dog
91%
Lebron James
91%
Steven Universe
91%
Taz
91%
Bugs Bunny
86%
Arya Stark
73%
Garnet
68%
Reindog
68%

Score Distribution

Percentile by Number Answered

Percent of People with Each Score

Your Score History

You have not taken this quiz